000 00514nam a2200181Ia 4500
008 090123s9999 xx 000 0 und d
082 _b25737
_a891.463/गायक
100 _aगायकवाड बाबूराव
245 _aआग
250 _a0
260 _bमंजुल प्रकाशन
300 _a153
600 _aगायकवाड बाबूराव
630 _aआग
700 _aगायकवाड बाबूराव
730 _aआग
942 _cBOOK
999 _c63808
_d63808